| 000 | 00613nam a2200205 a 4500 | ||
|---|---|---|---|
| 005 | 20260312064038.0 | ||
| 008 | 010709s1981 r 000 0 eng d | ||
| 020 | _a9686055827 | ||
| 035 | _aUPN01000109408 | ||
| 049 | _aCG | ||
| 050 | 4 |
_aHQ766 _bM6.5 |
|
| 100 | 1 |
_aMonroy de Velasco, Anameli _929362 |
|
| 245 | 1 | 3 |
_aEl maestro y la planificación familiar / _cAnameli Monroy de Velasco. |
| 260 |
_aMéxico : _bPax-México, _c1981. |
||
| 300 |
_a143 p. : _bil. |
||
| 650 | 7 |
_aPlanificación familiar _2 _91109 |
|
| 650 | 4 |
_aControl de la natalidad _912362 |
|
| 650 | 4 |
_aEducación sexual _97445 |
|
| 905 | _aLibro | ||
| 999 |
_c83319 _d83319 |
||